MASTERING RESTAURANT SERVICE (Record no. 230617)

MARC details
000 -LEADER
fixed length control field 00394pam a2200169 a 4500
020 ## - INTERNATIONAL STANDARD BOOK NUMBER
Terms of availability
041 ## - LANGUAGE CODE
Language code of original
082 ## - DEWEY DECIMAL CLASSIFICATION NUMBER
Classification number 642.60941
100 ## - MAIN ENTRY--PERSONAL NAME
Personal name CRACKNELL H.L.
Relator term Author
245 ## - TITLE STATEMENT
Title MASTERING RESTAURANT SERVICE
Statement of responsibility, etc. CRACKNELL H.L.
Medium Textual Documents
250 ## - EDITION STATEMENT
Edition statement 1st
260 ## - PUBLICATION, DISTRIBUTION, ETC.
Place of publication, distribution, etc. London
Name of publisher, distributor, etc. Mamillan Edu
300 ## - PHYSICAL DESCRIPTION
Extent 361
653 ## - INDEX TERM--UNCONTROLLED
Uncontrolled term Food Producation
700 ## - ADDED ENTRY--PERSONAL NAME
Relator term Co-Author
930 ## - EQUIVALENCE OR CROSS-REFERENCE-UNIFORM TITLE HEADING [LOCAL, CANADA]
Uniform title 3219
Holdings
Withdrawn status Lost status Damaged status Not for loan Collection Home library Current library Date acquired Source of acquisition Total Checkouts Full call number Barcode Date last seen Copy number Price effective from Koha item type
          Institute of Hotel Management & Catering Technology, Pune Institute of Hotel Management & Catering Technology, Pune 01/01/1900 M.M.Communication ,Pune   642.60941 HMP-DIP-78 07/03/2023 1 07/03/2023 Book